| 000 | 00564nam a2200169Ia 4500 | ||
|---|---|---|---|
| 003 | LK-CoDNM | ||
| 008 | 010623t1996 xxu||||| |||| 00| 1 sin d | ||
| 040 |
_aLK-CoDNM _dLK-CoDNM _eLK-CoDNM |
||
| 041 | _asin | ||
| 080 | _aX(9) BUD | ||
| 100 |
_aDhammalankara Thero,Iththepane. _eed. |
||
| 245 | _aබුදුබව පතන බලංගොඩ ආනන්ද මෛත්රිය මහනාහිමි | ||
| 246 | _aBudu Bava Pathana Balangoda Ananda Maitriya Mahanahimi | ||
| 260 |
_bSrideevi _aDehiwala _c1996 |
||
| 300 | _b178p., 21 cm | ||
| 942 | _cBK | ||
| 999 |
_c117786 _d117786 |
||